The baby boomer Bible study / (Record no. 2603)
[ view plain ]
| 000 -LEADER | |
|---|---|
| fixed length control field | 00902nam a2200265 a 4500 |
| 001 - CONTROL NUMBER | |
| control field | 1638636 |
| 003 - CONTROL NUMBER IDENTIFIER | |
| control field | GBCCL |
| 005 - DATE AND TIME OF LATEST TRANSACTION | |
| control field | 20241126110433.0 |
| 008 - FIXED-LENGTH DATA ELEMENTS--GENERAL INFORMATION | |
| fixed length control field | 970513s1996 txuab 000 0 eng |
| 010 ## - | |
| -- | 96090414 |
| 020 ## - INTERNATIONAL STANDARD BOOK NUMBER | |
| International Standard Book Number | 0963627848 |
| 040 ## - CATALOGING SOURCE | |
| Original cataloging agency | DLC |
| Transcribing agency | DLC |
| 050 00 - | |
| -- | BS475.2 |
| -- | .W524 1996 |
| 082 00 - DEWEY DECIMAL CLASSIFICATION NUMBER | |
| Classification number | 220.61 |
| Edition information | 21 |
| Item number | WHI |
| 100 1# - MAIN ENTRY--PERSONAL NAME | |
| Personal name | White, Joseph A., |
| Dates associated with a name | 1955- |
| 9 (RLIN) | 5474 |
| 245 14 - TITLE STATEMENT | |
| Title | The baby boomer Bible study / |
| Statement of responsibility, etc. | written by Joseph A. White ; technical editor, Jerry Chism. |
| 260 ## - PUBLICATION, DISTRIBUTION, ETC. | |
| Place of publication, distribution, etc. | Arlington, Tex. : |
| Name of publisher, distributor, etc. | White Diversified Engineering, |
| Date of publication, distribution, etc. | c1996. |
| 300 ## - PHYSICAL DESCRIPTION | |
| Extent | xvi, 374 p. : |
| Other physical details | ill., maps ; |
| Dimensions | 28 cm. |
| 630 00 - SUBJECT ADDED ENTRY--UNIFORM TITLE | |
| Uniform title | Bible |
| General subdivision | Introductions. |
| 9 (RLIN) | 1867 |
| 630 00 - SUBJECT ADDED ENTRY--UNIFORM TITLE | |
| Uniform title | Bible |
| General subdivision | Textbooks. |
| 9 (RLIN) | 461 |
| 700 1# - ADDED ENTRY--PERSONAL NAME | |
| Personal name | Chism, Jerry. |
| 9 (RLIN) | 5475 |
| 906 ## - LOCAL DATA ELEMENT F, LDF (RLIN) | |
| a | 7 |
| b | cbc |
| c | orignew |
| d | 3 |
| e | opcn |
| f | 19 |
| g | y-gencatlg |
| 942 ## - ADDED ENTRY ELEMENTS (KOHA) | |
| Source of classification or shelving scheme | Dewey Decimal Classification |
| Koha item type | Books |
| Koha issues (borrowed), all copies | 2 |
| Withdrawn status | Lost status | Source of classification or shelving scheme | Damaged status | Not for loan | Home library | Current Library | Shelving location | Date acquired | Total checkouts | Full call number | Barcode | Date last seen | Date last checked out | Copy number | Price effective from | Koha item type |
|---|---|---|---|---|---|---|---|---|---|---|---|---|---|---|---|---|
| Dewey Decimal Classification | GRACE BIBLE COLLEGE | GRACE BIBLE COLLEGE | Biblical Studies | 2017-09-06 | 2 | 220.61 WHI | 007583 | 2025-05-01 | 2024-02-17 | c.1 | 2017-09-06 | Books |